00386nam a22001217a 450000500170000000800410001702000180005805000210007610000180009724500920011526000350020770000220024220260313161823.0260313b |||||||| |||| 00| 0 eng d a9780262016414 aHT166b.H535 MIK aMikoleit Anne aUrban Code:b100 Lessons for understanding the city/cAnne Mikoleit & Moritz Purckhauer aCambridgebTHe MIT Pressc2011 aPurckhauer Moritz